| 000 | 00889nam a2200217Ia 4500 | ||
|---|---|---|---|
| 003 | GCL | ||
| 005 | 20240530102908.0 | ||
| 008 | 140319s9999 xx 000 0 ara d | ||
| 040 |
_aGCL / _cGCL |
||
| 082 | 0 | 4 |
_a338.903 _bج م |
| 100 | 1 | _aجلال احمد امين | |
| 245 | 1 | 0 |
_aالمشرق العربى والغرب : بحث فى دور المؤثرات الخارجية فى تطور النظام الاقتصادى العربى والعلاقات الاقتصادية العربية / _cجلال احمد امين |
| 260 |
_a[S.N] : _bمركز دراسات الوحدة العربية ، _c1983 |
||
| 300 | _a172 ص | ||
| 650 | 0 | 4 | _aالعالم العربى |
| 650 | 0 | 4 | _aالاحوال الاقتصادية |
| 650 | 0 | 4 | _aالعلاقات الخارجية |
| 650 | 0 | 4 | _aالنظام العالمى الحديث |
| 700 | 1 | _aجلال احمد امين | |
| 942 |
_2ddc _cBK |
||
| 999 |
_c35204 _d35204 |
||